000
00281nam a2200121Ia 4500
008
230303s9999 xx 000 0 und d
041
_a
eng
082
_a
621.38215 ROD
100
_a
RODDY (DENNIS)
245
_a
SATELLITE COMMUNICATION
260
_a
NEW DELHI
_b
MGH
365
_c
RS
999
_c
221705
_d
221705